000 00468cam a2200193ua 4500
001 8926
005 20260515114414.0
008 150218n ii |||gr||||Z||||||asm
040 _cMAIN
041 _aasm
082 _a891.4514
100 _aBora, D.,
_eAuthor.
245 1 _aDbitiya mohahamar
_cBy Dhurbajyoti Bora
250 _a1st.
260 _aCalcutta:
_bSribhumi,
_c1985.
300 _a352p.
653 _aEast Indo-European & Celtic literatures
942 _cBK
999 _c8013
_d8013